| 000 | 00487nam a22001817a 4500 | ||
|---|---|---|---|
| 003 | OSt | ||
| 005 | 20250715082720.0 | ||
| 008 | 250715b |||||||| |||| 00| 0 eng d | ||
| 020 | _a97801410186420 | ||
| 040 |
_aDWCL - Main lib _cOC |
||
| 082 | _aFic. S819o 1965 | ||
| 100 | _aSteinbeck, John | ||
| 245 |
_aOf Mice and Men/ _cJohn Steinbeck |
||
| 260 |
_aNew York : _bPenguin Group, _cc1965. |
||
| 300 |
_a xxviii, 105 pages ; _c 20 cm. |
||
| 650 | _a1. | ||
| 942 |
_2ddc _cFIC. _kFic. _n0 |
||
| 999 |
_c3690 _d3690 |
||